The noble scholar, jurist, historian


 His Excellency Dr. Abdul Wahhab bin Ibrahim Abu Sulaiman, may Allah have mercy on him.


 He was born in Umm Al-Qura in the year 1356 AH.

سيرة الأمير عبد القادر وجهاده / (Record no. 6638)

MARC details
000 -LEADER
fixed length control field 01685cam a2200337 i 4500
003 - CONTROL NUMBER IDENTIFIER
control field SA-RiAUC
005 - DATE AND TIME OF LATEST TRANSACTION
control field 20250326120917.0
008 - FIXED-LENGTH DATA ELEMENTS--GENERAL INFORMATION
fixed length control field 250319s1995 le g 000 0bara c
040 ## - CATALOGING SOURCE
Original cataloging agency SA-MuMU
Language of cataloging ara
Transcribing agency SA-RiAUC
Description conventions rda
043 ## - GEOGRAPHIC AREA CODE
Geographic area code f-ae---
082 04 - DEWEY DECIMAL CLASSIFICATION NUMBER
Classification number 923.2
Assigning agency SA-RiAUC
090 ## - LOCALLY ASSIGNED LC-TYPE CALL NUMBER (OCLC); LOCAL CALL NUMBER (RLIN)
Classification number (OCLC) (R) ; Classification number, CALL (RLIN) (NR) 923.2
Local cutter number (OCLC) ; Book number/undivided call number, CALL (RLIN) ا ب ن ت
100 1# - MAIN ENTRY--PERSONAL NAME
Personal name ابن التهامي، مصطفى،
Dates associated with a name 1205-1283 هجري
Relator term مؤلف.
245 10 - TITLE STATEMENT
Title سيرة الأمير عبد القادر وجهاده /
Statement of responsibility, etc. تأليف مصطفى بن التهامي ؛ تحقيق وتقديم وتعليق يحيى بوعزيز.
250 ## - EDITION STATEMENT
Edition statement الطبعة الأولى.
264 #1 - PRODUCTION, PUBLICATION, DISTRIBUTION, MANUFACTURE, AND COPYRIGHT NOTICE
Place of production, publication, distribution, manufacture بيروت :
Name of producer, publisher, distributor, manufacturer دار الغرب الإسلامي،
Date of production, publication, distribution, manufacture, or copyright notice 1995
300 ## - PHYSICAL DESCRIPTION
Extent 408 صفحة ؛
Dimensions 24 سم
336 ## - CONTENT TYPE
Content type term نص
Content type code txt
Source rdacontent
Materials specified كتاب
337 ## - MEDIA TYPE
Media type term بدون وسيط
Media type code n
Source rdamedia
338 ## - CARRIER TYPE
Carrier type term مجلد
Carrier type code nc
Source rdacarrier
600 17 - SUBJECT ADDED ENTRY--PERSONAL NAME
Personal name عبد القادر الجزائري، عبد القادر بن محيي الدين بن مصطفى،
Titles and other words associated with a name أمير معسكر،
Dates associated with a name 1222-1300 هجري
Source of heading or term aucnm
650 #7 - SUBJECT ADDED ENTRY--TOPICAL TERM
Topical term or geographic name entry element العسكريون الجزائريون
Form subdivision تراجم
Source of heading or term aucsh
650 #7 - SUBJECT ADDED ENTRY--TOPICAL TERM
Topical term or geographic name entry element السياسيون الجزائريون
Form subdivision تراجم
Source of heading or term aucsh
651 #7 - SUBJECT ADDED ENTRY--GEOGRAPHIC NAME
Geographic name الجزائر
General subdivision تاريخ
Chronological subdivision الاحتلال الفرنسي، 1830-1962
Source of heading or term aucsh
651 #7 - SUBJECT ADDED ENTRY--GEOGRAPHIC NAME
Geographic name الجزائر
General subdivision ملوك وحكام
Form subdivision تراجم
Source of heading or term aucsh
651 #7 - SUBJECT ADDED ENTRY--GEOGRAPHIC NAME
Geographic name الجزائر
General subdivision تاريخ
Chronological subdivision قرن 20
Source of heading or term aucsh
700 12 - ADDED ENTRY--PERSONAL NAME
Relationship information تحقيق لـ :
Personal name بن التهامي، مصطفى،
Dates associated with a name 1205-1283 هجري
Title of a work سيرة الأمير عبد القادر وجهاده
700 1# - ADDED ENTRY--PERSONAL NAME
Personal name بوعزيز، يحيى،
Dates associated with a name 1929-2007
Relator term محقق.
942 ## - ADDED ENTRY ELEMENTS (KOHA)
Source of classification or shelving scheme Dewey Decimal Classification
Koha item type Books
Suppress in OPAC No
949 ## - LOCAL PROCESSING INFORMATION (OCLC)
a SA-JeALM
d 250319
u mohamedma123
n 1
Holdings
Withdrawn status Lost status Source of classification or shelving scheme Damaged status Not for loan Home library Current library Date acquired Total checkouts Full call number Barcode Date last seen Price effective from Koha item type
    Dewey Decimal Classification     DR AbdElwahab Library DR AbdElwahab Library 03/26/2025   923.2 ا ب ن ت 000011206 03/26/2025 03/26/2025 Books